000 00626nam a2200181 4500
001 110004
003 ES-MaACL
005 20250820142634.0
007 t|
008 061121s1962 sp r ||||1| spa d
245 0 4 _aLas obras maestras del desnudo en la pintura universal /
_ctraducción de Gónzalo Suárez; revisión y adaptación Teodoro Miciano.
260 _aMadrid :
_bDaimon,
_c1962.
300 _a262 p., 100 lám. :
_bil. ;
_c29 cm.
700 1 _aSuárez, Gonzalo,
_d1934-
_9108561
700 1 _aMiciano, Teodoro,
_d1903-1974
_980944
852 _aES-MaACL
_jC-22350
_bR.50621
999 _c110004
_d110004